| 000 | 00652nam a22001937a 4500 | ||
|---|---|---|---|
| 003 | DO-SdBNP | ||
| 005 | 20170118120441.0 | ||
| 008 | 170118b 1996 sp |||| |||| 00| 0 spa d | ||
| 040 |
_aBPMSU _bspa _cBPMSU |
||
| 100 | _aGibson, Ray | ||
| 245 |
_aManualidades : _bdecoración de camisetas / _cRay Gibson ; fotografías Ray Moller ; ilustraciones Chris Chaisty ; traducción Pedro F. Moreno _h |
||
| 260 |
_aMadrid : _bSusaeta Ediciones, _c1996 |
||
| 300 |
_3 _a32 p.: _bils. ; _c29 cm. |
||
| 700 |
_aChaisty, Chris _eil. |
||
| 700 | _aMoller, Ray | ||
| 700 | _aMoreno, Pedro F. | ||
| 942 |
_2ddc _cBK |
||
| 956 |
_aVMATEO _b10 _c20170118 _dBPMSU _f0069 |
||
| 999 |
_c12517 _d12517 |
||